000
00243nam a2200097Ia 4500
001
800827
005
20250826171026.0
008
250824s9999 xx 000 0 und d
245
0
_a
ORMANI YEMEK YASAK
_c
TUĞBA COŞKUNER
260
_b
CEZVE YAYINLARI
999
_c
800827
_d
800827